zpět

Detail výsledku týmu

Bartolomějka, Kolín

Datum a čas kvízu

33 Celkem bodů Celkový počet nahraných bodů na tomto kvízu bez doplňovacích otázek.
4. Pořadí na kvízu Konečné umístění týmu na tomto kvízu.

Zaznamenané odpovědi

# Otázka Odpověď Body Výsledky
1. V pátek bylo překlenuto Labe p... Pardubice 1
2. Elon Musk si mimo jiné dal za... vlastním spermatem 0
3. Na obrázku vidíme Kenzu Laili,... účastnice byly vytvořeny umělou inteligencí (AI) 0
4. Ve čtvrtek večer musela být ne... ve Francii 0
5. Kolikátý mečbol proměnila Barb... 3. mečbol 1
6. Které tvrzení o starokladrubsk... B 0
7. Ze kterého prostředí pochází k... A 1
8. Kterým jedenáctipísmenným slov... hipoterapie 1
9. Kam byste správně koni umístil... A 1
10. Koně jsou s člověkem spojení j... Moravskoslezský kraj 1